书目信息 |
| 题名: |
发达国家和发展中国家能源消费与碳排放控制研究
|
|
| 作者: | 栾晏 著 | |
| 分册: | ||
| 出版信息: | 北京 中国社会科学出版社 2016 |
|
| 页数: | 188页 | |
| 开本: | 24cm | |
| 丛书名: | 中国社会科学博士论文文库 | |
| 单 册: | ||
| 中图分类: | F416.2 | |
| 科图分类: | ||
| 主题词: | 发达国家--fa da guo jia--能源消费--研究 , 发展中国家--fa zhan zhong guo jia--能源消费--研究 , 发达国家--fa da guo jia--二氧化碳--排气--控制--研究 , 发展中国家--fa zhan zhong guo jia--二氧化碳--排气--控制--研究 | |
| 电子资源: | ||
| ISBN: | 978-7-5161-9112-5 | |
| 000 | 01634nam0 22003131 450 | |
| 001 | 0119171349 | |
| 005 | 20170619171349.0 | |
| 010 | @a978-7-5161-9112-5@dCNY49.00 | |
| 100 | @a20170328d2016 em y0chiy50 ea | |
| 101 | 0 | @achi |
| 102 | @aCN@b110000 | |
| 105 | @ay z 000yy | |
| 106 | @ar | |
| 200 | 1 | @a发达国家和发展中国家能源消费与碳排放控制研究@9fa da guo jia he fa zhan zhong guo jia neng yuan xiao fei yu tan pai fang kong zhi yan jiu@e基于产业结构演变的视角@dResearch on energy consumption and control of carbon emission between developed countries and developing contries@ebased on perspective of industrial structure evolution@f栾晏著@zeng |
| 210 | @a北京@c中国社会科学出版社@d2016 | |
| 215 | @a188页@d24cm | |
| 225 | 2 | @a中国社会科学博士论文文库@9zhong guo she hui ke xue bo shi lun wen wen ku |
| 330 | @a本书对主要发达国家与发展中国家产业结构演变进程中的能源消费和碳排放的特点及变化趋势进行 研究。 | |
| 461 | 0 | @12001 @a中国社会科学博士论文文库 |
| 510 | 1 | @aResearch on energy consumption and control of carbon emission between developed countries and developing contries@ebased on perspective of industrial structure evolution@zeng |
| 517 | 1 | @a基于产业结构演变的视角@9ji yu chan ye jie gou yan bian de shi jiao |
| 606 | 0 | @a发达国家@9fa da guo jia@x能源消费@x研究 |
| 606 | 0 | @a发展中国家@9fa zhan zhong guo jia@x能源消费@x研究 |
| 606 | 0 | @a发达国家@9fa da guo jia@x二氧化碳@x排气@x控制@x研究 |
| 606 | 0 | @a发展中国家@9fa zhan zhong guo jia@x二氧化碳@x排气@x控制@x研究 |
| 690 | @aF416.2@v5 | |
| 701 | 0 | @a栾晏@9luan yan@4著 |
| 801 | 0 | @aCN@b百万庄@c20170617 |
| 905 | @b1013253-8@dF416.2@e17@f6 | |
| 发达国家和发展中国家能源消费与碳排放控制研究:基于产业结构演变的视角=Research on energy consumption and control of carbon emission between developed countries and developing contries:based on perspective of industrial structure evolution/栾晏著.-北京:中国社会科学出版社,2016 |
| 188页;24cm.-(中国社会科学博士论文文库) |
| ISBN 978-7-5161-9112-5:CNY49.00 |
| 本书对主要发达国家与发展中国家产业结构演变进程中的能源消费和碳排放的特点及变化趋势进行 研究。 |
| ● |
| 相关链接 |
|
|
|
|
正题名:发达国家和发展中国家能源消费与碳排放控制研究
索取号:F416.2/17
 
预约/预借
| 序号 | 登录号 | 条形码 | 馆藏地/架位号 | 状态 | 备注 |
| 1 | 1013253 | 210132532 | 第一样本阅览室/ [索取号:F416.2/17] | 在馆 | |
| 2 | 1013254 | 210132541 | 教育系资料室/ [索取号:F416.2/17] | 在馆 | |
| 3 | 1013255 | 210132550 | 教育系资料室/ [索取号:F416.2/17] | 在馆 | |
| 4 | 1013256 | 210132569 | 教育系资料室/ [索取号:F416.2/17] | 在馆 | |
| 5 | 1013257 | 210132578 | 第一借阅区/ [索取号:F416.2/17] | 在馆 | |
| 6 | 1013258 | 210132587 | 第一借阅区/ [索取号:F416.2/17] | 在馆 |